Institutions, property taxation and local government finance in China (Record no. 92497)

000 -LEADER
fixed length control field 00538pab a2200205 454500
008 - FIXED-LENGTH DATA ELEMENTS--GENERAL INFORMATION
fixed length control field 180718b011 xxu||||| |||| 00| 0 eng d
100 ## - MAIN ENTRY--PERSONAL NAME
Personal name Tang, Bo-Sim
245 ## - TITLE STATEMENT
Title Institutions, property taxation and local government finance in China
260 ## - PUBLICATION, DISTRIBUTION, ETC.
Date of publication, distribution, etc. 011
300 ## - PHYSICAL DESCRIPTION
Extent p.847-875.
362 ## - DATES OF PUBLICATION AND/OR SEQUENTIAL DESIGNATION
Dates of publication and/or sequential designation Apr
650 ## - SUBJECT ADDED ENTRY--TOPICAL TERM
Topical term or geographic name entry element Local government - China
650 ## - SUBJECT ADDED ENTRY--TOPICAL TERM
Topical term or geographic name entry element Right to property - China
650 ## - SUBJECT ADDED ENTRY--TOPICAL TERM
Topical term or geographic name entry element Right to property
700 ## - ADDED ENTRY--PERSONAL NAME
Personal name Liu, Sing-Cheong
700 ## - ADDED ENTRY--PERSONAL NAME
Personal name Wong, Siu-Wai
773 ## - HOST ITEM ENTRY
Main entry heading Urban Studies
908 ## - PUT COMMAND PARAMETER (RLIN)
Put command parameter N
909 ## -
-- 92497
Holdings
Withdrawn status Lost status Damaged status Not for loan Permanent Location Current Location Date acquired Serial Enumeration / chronology Barcode Date last seen Price effective from Koha item type
        Indian Institute of Public Administration Indian Institute of Public Administration 2018-07-19 Volume no: 48, Issue no: 5 AR92957 2018-07-19 2018-07-19 Articles

Powered by Koha